Statistics for Airplanes by Manufacturer #2

Click here to take the quiz!

General Stats

  • This quiz has been taken 64 times
  • The average score is 9 of 15

Answer Stats

AirplanesManufacturer% Correct
A340Airbus
100%
757Boeing
83%
A310Airbus
76%
707Boeing
74%
DC-6McDonnel Douglas
74%
An-225Antonov
72%
182Cessna
59%
Q400Bombardier
50%
TU-104Tupolev
50%
72ATR
48%
L-1049Lockheed
48%
377Boeing
46%
E1Embraer
41%
CometDeHavilland
30%
LI-2Lisunov
4%

Score Distribution

Percentile by Number Answered

Percent of People with Each Score

Your Score History

You have not taken this quiz